Normal view MARC view
  • Guerrero Talez, Martín Segundo

Entry Nombre Personal

Number of records used in: 1

001 - NUMERO DE CONTROL

  • campo de control: 59693

003 - IDENTIFICADOR DE NUMERO DE CONTROL

  • campo de control: UPN

005 - FECHA Y HORA DE LA ÜLTIMA TRANSACCIÓN

  • campo de control: 20260525141440.0

008 - DATOS DE LONGITUD FIJA

  • campo de control de longitud fija: 260525|| acn||aabn | a|a d

024 7# - OTROS IDENTIFICADORES NORMALIZADOS

  • Fuente: orcid
  • Número normalizado o código: https://orcid.org/0009-0008-4603-0017

040 ## - FUENTE DE CATALOGACIÓN

  • Agencia original de catalogación: MX-MxUPN

100 1# - ENCABEZAMIENTO - NOMBRE PERSONAL

  • Nombre personal: Guerrero Talez, Martín Segundo

370 ## - LUGAR ASOCIADO

  • Associated country: Venezuela

371 ## - DIRECCIÓN

  • Electronic mail address: profmartinguerrerotalezuna@gmail.com

372 ## - CAMPO DE ACTIVIDAD

  • Field of activity: Ciencias de la educación
  • Field of activity: Planificación educacional

373 ## - GRUPO ASOCIADO

  • Associated group: Universidad Pedagógica Experimental Libertador (UPEL). Mérida. Venezuela

374 ## - OCUPACIÓN

  • Occupation: Docencia e investigación universitarias

670 ## - FUENTE EN LA QUE SE LOCALIZARON DATOS

  • Cita de la fuente: En recurso en línea: REDINE, Vol. 17, no. 2 (2025)
  • Información localizada: (Martín Segundo Guerrero Talez)
  • Uniform Resource Identifier: https://revistas.uclave.org/index.php/redine/article/view/5397/3672

902 ## - CATALOGADOR

  • Catalogador: Leonor Sotres/250526